01045 a2200253 4500020002300000035001300023037004700036082001100083090001500094245022400109250001100333260003600344270008900380300003400469700002600503700002000529700002400549700002200573700001600595700002200611942002300633999001500656952012000671 a8186270779c475.00 aB-156761 bRP-ZLS-2425 / PANSY-06-07:3 / RP-06-07:ENG14a615.11 c2623d26231 aGATE pharmacyban ideal book to succeed in competitive examinations with several thousand M.C.Qs and match the following type question with answers ..............other competitive examinationscby Mohammed Ali...(et al) a7th ed aDelhibBirla Publicationsc2006 a1/9185, Street No. 5, West Rohtas Nagar, ShahdaracDelhie110032k22323254l22324544 aVarious pagingsc24 cm (pbk) aSiddiqui, Anees Ahmad aMir, Showkat R. aSiddiqui, A. Wadood aRafiullah, M.R.M. aOnkar Singh aBhatt, M. Shibeer adplcENk615 / GAT c2580d2580 00102ddc40708NFICaZLSbZLSg475.00l0o615.11 GATpB-156761r2008-09-15 00:00:00u2753v475.00w2008-09-15yEN